It looks like you're offline.
Open Library logo
additional options menu

MARC record from Internet Archive

LEADER: 00662cam 22001931 4500
001 2634940
005 19900130165744.2
008 751223s1918 nyuf j 000 1 eng
035 $9(DLC) 19026027
906 $a7$bcbc$corignew$du$eocip$f19$gy-gencatlg
010 $a 19026027
040 $aDLC$cAk$dDLC
050 00 $aPZ7.W155$bGr
100 1 $aWallace, Dillon,$d1863-1939.
245 10 $aGrit-a-plenty;$ba tale of the Labrador wild,$cby Dillon Wallace ....
260 $aNew York,$aChicago,$bFleming H. Revell co.$c[c1918]
300 $a3 p. l., 5-252 p.$bfront., plates.$c20 cm.
985 $aWSL/WSL$eCOMARC
991 $bc-GenColl$hPZ7.W155$iGr$p00025647452$tCopy 1$wBOOKS